[Event "GER-chT School WK GS"]
[Site "Playchess.com INT"]
[Date "2020.06.18"]
[Round "4.2"]
[White "Gesing, Justus"]
[Black "Koenig, Luca"]
[Result "0-1"]
[WhiteElo "1545"]
[BlackElo "1335"]
[PlyCount "74"]
[EventDate "2020.06.11"]
[EventType "team-swiss (blitz)"]
[EventRounds "7"]
[EventCountry "GER"]
[SourceTitle "EXT 2021"]
[Source "ChessBase"]
[SourceDate "2020.10.23"]
[SourceVersion "1"]
[SourceVersionDate "2020.10.23"]
[SourceQuality "1"]
[WhiteTeam "Raesfeld NW"]
[BlackTeam "Lichtenhagen MV"]
[WhiteTeamCountry "GER"]
[BlackTeamCountry "GER"]

1. e4 e5 2. Nf3 Nc6 3. Bc4 Bc5 4. c3 h6 5. d4 exd4 6. cxd4 Bb4+ 7. Nc3 Nf6 8. b3 Bxc3+ 9. Bd2 Bxa1 10. Qxa1 Nxe4 11. 0-0 Nxd2 12. Nxd2 d5 13. Bb5 a6 14. Bd3 Nb4 15. Qc3 Nxd3 16. Qxd3 0-0 17. Nf3 Qf6 18. Re1 Bf5 19. Qe3 Rfe8 20. Qc3 Rxe1+ 21. Qxe1 Bg4 22. Qa5 Bxf3 23. gxf3 Qg5+ 24. Kf1 Qc1+ 25. Kg2 b6 26. Qxd5 Rc8 27. Qd6 cxd6 28. Kh3 Qg5 29. a3 Qh5+ 30. Kg2 Qg5+ 31. Kf1 Rc1+ 32. Ke2 Rc2+ 33. Kd3 Qd2+ 34. Ke4 g5 35. a4 Qf4+ 36. Kd3 Rd2+ 37. Kc3 Qxd4# 0-1

[Event "GER-chT School WK GS"]
[Site "Playchess.com INT"]
[Date "2020.06.18"]
[Round "6.2"]
[White "Koenig, Luca"]
[Black "Kuehn, Konstantin Emanuel"]
[Result "0-1"]
[WhiteElo "1335"]
[BlackElo "1520"]
[PlyCount "78"]
[EventDate "2020.06.11"]
[EventType "team-swiss (blitz)"]
[EventRounds "7"]
[EventCountry "GER"]
[SourceTitle "EXT 2021"]
[Source "ChessBase"]
[SourceDate "2020.10.23"]
[SourceVersion "1"]
[SourceVersionDate "2020.10.23"]
[SourceQuality "1"]
[WhiteTeam "Lichtenhagen MV"]
[BlackTeam "Frankfurt Oder"]
[WhiteTeamCountry "GER"]
[BlackTeamCountry "GER"]

1. e4 e5 2. Nf3 Nc6 3. Bc4 Nf6 4. Ng5 d5 5. exd5 Nxd5 6. Nf3 Bc5 7. 0-0 0-0 8. Bxd5 Qxd5 9. Nc3 Qd8 10. a3 Bg4 11. h3 Bh5 12. g4 Bg6 13. Qe2 Re8 14. d3 h6 15. Na4 Bb6 16. Nxb6 axb6 17. Nh4 Nd4 18. Qe3 Nxc2 19. Qg3 Nxa1 20. Be3 Nb3 21. Nf5 Bxf5 22. gxf5 g5 23. h4 f6 24. hxg5 fxg5 25. Qh3 Kg7 26. Qg4 Qxd3 27. Rd1 Qb5 28. Qh5 Qc6 29. Rd3 Nc5 30. Bxc5 bxc5 31. b4 cxb4 32. axb4 Ra1+ 33. Kh2 Rh1+ 34. Kg3 Rxh5 35. b5 Qxb5 36. Rd2 Qb3+ 37. Kg2 Qh3+ 38. Kg1 Qg4+ 39. Kf1 Rh1# 0-1